Word Ladder: Van Gogh Painting Quiz Stats

 Plays Quiz Updated Jul 3, 2016

Challenge
Share
Tweet
Embed
Score 0/38 Timer 04:00
0 Plays Today
Clue 4-Letter Word % Correct
Poppy or sesameSEED
96.2%
A section of a greater wholePART
96.2%
RippedTORN
96%
Verb for dispatching a text or emailSEND
95.9%
✿ -Reliance, -help, or -esteem ✿❀ SELF ❀
95.8%
Curve in a road or riverBEND
95.4%
✿ Rock music ensemble ✿❀ BAND ❀
95%
To clean, often with water and soapWASH
94.8%
Do this when blowing out birthday candlesWISH
94.8%
Grip with your teethBITE
94.5%
Person from EnglandBRIT
94.4%
Medieval laborer in a feudal systemSERF
94.3%
Rough growth on skinWART
94.3%
✿ Vila, Moresby, or -au-Prince, e.g. ✿❀ PORT ❀
94.1%
Golf ball platformsTEES
93.5%
Delay action until something else happensWAIT
93.4%
The lobster in a steak & lobster mealSURF
93.4%
Song: '____ Down for What'TURN
93.2%
Shed from an eye during sadnessTEAR
93.2%
Clue 4-Letter Word % Correct
Earl Grey, Darjeeling, and Chai, e.g.TEAS
93.2%
The steak in a steak & lobster mealTURF
93.1%
Spanish for 3, or French for 'very'TRES
93%
Lure to catch fishBAIT
92.9%
A locationSITE
92.8%
Star Wars Ep. 3: Revenge of the ____SITH
92.7%
✿ 1888 painting: 'Vase ____ Fifteen Sunflowers' ✿❀ WITH ❀
92.2%
Civil wrong causing someone a loss or harm TORT
91.8%
✿ Sincere address in a letter ✿❀ DEAR ❀
91.4%
✿ Printed order like a subpoena or warrant ✿❀ WRIT ❀
90.9%
Greek god of warARES
88.4%
Thomas Hardy's Batman villainBANE
88.4%
To hit or to criticizeBASH
87.1%
Reduce the intensity ofBATE
86.7%
Increased rapidity of movementSPED
85.5%
✿ Matured term for cheese/wine that is older ✿❀ AGED ❀
84.6%
Egyptian cat goddessBAST
83.9%
'The seven _____ of man'AGES
83.7%
Mimicked, imitated APED
81.1%

Today's Daily Dose

You're not logged in!

Compare scores with friends on all Sporcle quizzes.
Join for Free
OR
Log In

You Might Also Like...

Show Comments

Extras

Top Quizzes Today


Score Distribution

Your Account Isn't Verified!

In order to create a playlist on Sporcle, you need to verify the email address you used during registration. Go to your Sporcle Settings to finish the process.

Report this User

Report this user for behavior that violates our Community Guidelines.

Details: